000 00704cam a22001818i 4500
999 _c13764
_d13764
020 _a9781526635365
020 _a9781635576191
082 0 0 _aFic M112 2021
100 1 _aMaas, Sarah J.
245 1 2 _aA court of silver flames /
_cby Sarah J. Maas.
260 _aLondon :
_bBloomsbury Publishing,
_cc2021.
300 _a757 papes :
_b20cm.
520 _a"Against the sweeping backdrop of a world seared by war and plagued with uncertainty, Nesta and Cassian battle monsters from within and without as they search for acceptance-and healing-in each other's arms"--
_cProvided by publisher.
526 _aFICTION
650 _aFairies--Juvenile fiction.
650 _aFantasy novels.
942 _2ddc
_cBK